| 000 | 00695nam a22002057a 4500 | ||
|---|---|---|---|
| 003 | NUST-PNEC | ||
| 005 | 20170114142516.0 | ||
| 008 | 140430b xxu||||| |||| 00| 0 eng d | ||
| 020 | _a8120327063 | ||
| 040 | _cPNEC | ||
| 082 | _a658.3 ROB | ||
| 100 |
_974 _aRobbins, Stephen P. |
||
| 245 |
_aEssentials of Organizational Behavior _cStephen P. Robbins |
||
| 250 | _a8th ed. | ||
| 260 |
_aNew Dehli _bPrentice-Hall. Inc. _cc.2005 |
||
| 300 |
_axvi,330 p, : _bil. : _c24 cm. |
||
| 500 | _aIncludes Index http://www.amazon.com/Essentials-Organizational-Behavior-Stephen-Robbins/dp/B000J56KSW/ref=sr_1_1?s=books&ie=UTF8&qid=1398848569&sr=1-1&keywords=8120327063 | ||
| 650 | _xMIS | ||
| 942 |
_2ddc _cBK |
||
| 999 |
_c60050 _d60050 |
||